00487nam a2200085Ia 4500008004100000245004300041300023800084650001600322856006300338170517s9999 xx 000 0 und d 4aThe Weight of the Nation: Consequences aThe first film in The Weight of the Nation series examines the scope of the obesity epidemic and explores the serious health consequences of being overweight or obese. The obesity epidemic is a problem that's emerged over the last... xTechnology. uhttp://topdocumentaryfilms.com/weight-nation-consequences/